Normal view
MARC view
- KHAN,AKBAR MUHAMMAD GERNAL MAJOR
Entry Personal Name
001 - CONTROL NUMBER
- control field: 133210
003 - CONTROL NUMBER IDENTIFIER
- control field: NUST
005 - DATE AND TIME OF LATEST TRANSACTION
- control field: 20260216102812.0
008 - FIXED-LENGTH DATA ELEMENTS
- fixed length control field: 260216|| aca||aabn | a|a d
040 ## - CATALOGING SOURCE
- Original cataloging agency: NUST
- Transcribing agency: NUST
100 ## - HEADING--PERSONAL NAME
- Personal name: KHAN,AKBAR MUHAMMAD GERNAL MAJOR
670 ## - SOURCE DATA FOUND
- Source citation: Work cat.: (NUST): KHAN,AKBAR MUHAMMAD GERNAL MAJOR., HADES E DEFA /, 2010.
